000 004300000a22001690004500
003 LK-CoMWRAF
005 20230928215407.0
008 230817t ||||| |||| 00| 0 eng d
040 _aLK-CoMWRAF
_dLK-CoMWRAF
_eLK-CoMWRAF
041 _aeng
082 _a297.55
_bGUI
245 _aA Guide for Hajj and 'Umra
260 _aPakistan (Lahore) :
_bKazi publications,
_c1979
300 _a247p
650 _aIslam--Hajj
942 _cBK
999 _c1860
_d1860